| 000 | 00604pab a2200217 454500 | ||
|---|---|---|---|
| 008 | 180718b2008 xxu||||| |||| 00| 0 eng d | ||
| 100 | _aFan, Shenggen | ||
| 245 | _aThe dragon and the elephant: learning from agricultural and rural reforms in China and India | ||
| 260 | _c2008 | ||
| 300 | _ap.137-44. | ||
| 362 | _a28 Jun | ||
| 650 | _aAgriculture - India | ||
| 650 | _aAgriculture - China | ||
| 650 | _aLand reform - India | ||
| 650 | _aLand reform - China | ||
| 650 | _aLand reform | ||
| 700 | _aGulati, Ashok | ||
| 773 | _aEconomic and Political Weekly | ||
| 908 | _aN | ||
| 909 | _a79049 | ||
| 999 |
_c79049 _d79049 |
||